| 000 | 00533nam a2200181Ia 4500 | ||
|---|---|---|---|
| 008 | 151018s9999 xx 000 0 und d | ||
| 082 |
_bRBASDV23925 _a891.468 |
||
| 100 | _aशिरीष पै | ||
| 245 | _a"मी,माझे,मला" | ||
| 250 | _b1 | ||
| 260 |
_bसौ नर्मता मुळे _c1991 |
||
| 300 | _a197 | ||
| 600 | _aशिरीष पै | ||
| 630 | _a"मी,माझे,मला" | ||
| 700 | _aशिरीष पै | ||
| 730 | _a"मी,माझे,मला" | ||
| 942 | _cBOOK | ||
| 999 |
_c1023571 _d1023568 |
||